000 00731nam a2200241 a 4500
001 0000581
003 DO-SdBNP
005 20180206115452.0
007 0000581
008 140711s 2008 xxu 000 0 spa d
020 _a9781564784902
040 _aBPMSU
_bspa
_cBPMSU
100 1 _aMizukami, Tsutomu
245 1 4 _aThe temple of the wild geese and Bamboo dolls of echizen /
_cTsutomu Mizukami ; traducción Dennus Washburn
260 _aEstados Unidos :
_bDalkey archive press,
_c2008.
300 _a203 p. ;
_c24 cm.
650 4 _aPOESÍA ÉPICA GRIEGA
650 4 _aLITERATURA GRIEGA
700 1 2 _aWashburn, Dennis
_etrad.
942 _2ddc
_cBK
945 _ainventariado, 2018 / dg
956 _aYLOCKWARD
_b10
_lBND01
_h1027
999 _c11079
_d11079